000 00800nam a2200253Ia 4500
003 OSt
005 20220927103128.0
006 a|||||r|||| 00| 0
007 ta
008 220926b |||||||| |||| 00| 0 eng d
024 _a33952
037 _cReference Collections
040 _aRTL
_cRTL
_beng
041 _2eng
_aeng
082 _a"X:750aY11:677p4,N66, L7.1"
110 _aConference on Children and Youth in National Planning and Development in Asia
_9353283
245 0 _aSelection from the documents
260 _c1967
490 _vV1
650 _aPlanned Economy
700 _aConference on Children and Youth in National Planning and Development in Asia
_9353284
942 _h"X:750aY11:677p4,N66, L7.1"
_cCC
999 _c680664
_d680664